000 00502cam a2200193ua 4500
001 7113
008 141126n ii |||gr||||Z||||||eng
020 _a8174570977
040 _cMAIN
041 _aeng
082 _a150
100 _aAsthana, Bipin,
_eAuthor.
245 1 _aMeasurement and evaluation in psychology and education
_cBy Bipin Asthana
250 _a12th rev.
260 _aAgra:
_bShri vinod pustak mandir,
_c2012.
300 _a212p.
653 _aPsychological education
942 _cBK
999 _c6239
_d6239